Tilastot visalle Kamerun-visa

Klikkaa tästä pelataksesi tätä visaa!

Yleistilastot

  • Tätä visaa on pelattu 172 kertaa
  • Keskiarvotulos 9 / 14

Vastaustilastot

VihjeVastaus% Oikein
Virallinen kieliRanska
91%
Kamerunin naapurimaista väkirikkainNigeria
89%
Valtio, jonka siirtomaa Kamerun oli vuosina 1884–1916Saksa
88%
Virallinen kieliEnglanti
85%
Kamerun on yksi tämän pavun suurimmista tuottajamaistaKaakao
81%
Lahti, jonka rannalla Kamerun sijaitsee{Guinean}lahti
80%
Kamerun voitti kultaa tässä joukkueurheilulajissa vuoden 2000 olympialaisissaJalkapallo
77%
PääkaupunkiYaounde
76%
Kamerunin korkein vuoriKamerunvuori
64%
Valtion pohjoisosassa sijaitseva järvi, jonka se jakaa kolmen muun valtion kanssaTšadjärvi
54%
Väkirikkain kaupunkiDouala
50%
Suurin sammakkolaji, jota esiintyy pääasiassa Kamerunissa{Goljat}sammakko
34%
Kamerunin presidentti vuodesta 1982 lähtienPaul Biya
32%
Vuonna 2017 itsenäiseksi julistautunut kansainvälisesti tunnustamaton alue läntisessä KamerunissaAmbazonia
29%

Tulosjakauma

Persentiili vastausten määrän mukaan

Jokaisen tuloksen saaneiden osuus

Tuloshistoriasi

Et ole pelannut tätä visaa